000 00401 a2200157 4500
005 20250623122407.0
020 _a0-471-81412-1
082 _aLM 808.066 SOU
100 _aSOUTHER, J. W.
245 _aTechnical Report Writing.
250 _a2rd Ed
260 _aNew York,
_bJohn Wiley & Sons,
_c1977.
300 _aviii, 93p.: ill.; figure.
_bIndex
_c27cm
700 _aWHITE, M. L.
942 _2ddc
_cBKS
999 _c4188
_d4188